000 00374cam a22001337a 4500
008 180718b1958 xxu||||| |||| 00| 0 eng d
082 _aA321 M229
100 _aMcMordie, W.
245 _aEnglish idioms and how to use them
_cby W. McMordie
250 _a3rd ed.
260 _aLondon
_bOUP
_c1958
300 _a350p.
650 _aEnglish Language - Idioms, Corrections, Errors
999 _c373208
_d373208